Normal view
MARC view
Entry Personal Name
001 - CONTROL NUMBER
- control field: 7361
003 - CONTROL NUMBER IDENTIFIER
- control field: OSt
005 - DATE AND TIME OF LATEST TRANSACTION
- control field: 20160315131343.0
008 - FIXED-LENGTH DATA ELEMENTS
- fixed length control field: 160315|| aca||aabn | a|a d
040 ## - CATALOGING SOURCE
- Original cataloging agency: OSt
- Transcribing agency: OSt
100 ## - HEADING--PERSONAL NAME
- Personal name: Capewell, David; Shantikumar, Saran
670 ## - SOURCE DATA FOUND
- Source citation: Work cat.: (OSt): Capewell, David; Shantikumar, Saran, Get ahead! Medicine: 150 EMQs for finals
